Megadiverse Countries - Statistics

General Stats
  • This quiz has been taken 94 times
  • The average score is 14 of 17
Answer Stats
Country % Correct
Australia
99%
Brazil
98%
United States
98%
India
97%
China
95%
Indonesia
93%
Mexico
91%
Colombia
86%
Peru
86%
Democratic Republic of the Congo
84%
Malaysia
83%
Venezuela
82%
South Africa
78%
Ecuador
71%
Papua New Guinea
71%
Philippines
70%
Madagascar
68%
No matching quizzes found
Score Distribution
Percent of People with Each Score
Percentile by Number Answered
Your Score History
You have not taken this quiz